Breaking the Silence : Truth and Lies in the War on Terror : A Special Report /
Reportaje para la televisión inglesa del periodista y documentalista australiano –asentado en Inglaterra- John Pilger, quien se propone descubrir las verdades y mentiras de la "guerra contra el terrorismo" emprendida por el presidente norteamericano George Bush hijo, tras los ataques del 11 de septi...
Bewaard in:
| Hoofdauteur: | |
|---|---|
| Andere auteurs: | , , , , , |
| Formaat: | |
| Taal: | Engels |
| Gepubliceerd in: |
Londres, Inglaterra :
Carlton Television,
2003, c2003
Oley, EUA : Bullrog Films [dist.], copyright fecha no identificada |
| Onderwerpen: | |
| Tags: |
Geen labels, Wees de eerste die dit record labelt!
|
MARC
| LEADER | 00000ngm^a2200000^a^4500 | ||
|---|---|---|---|
| 001 | 000192658 | ||
| 005 | 20251020000000.0 | ||
| 009 | 20260310102615.373 | ||
| 020 | |a 1-59458-040-5 | ||
| 037 | |a Acervo ITESO - Biblioteca | ||
| 041 | |a ING | ||
| 082 | |a 320. 97309311 |b PIL | ||
| 100 | |a Pilger, John |e (realización) | ||
| 245 | 1 | 0 | |a Breaking the Silence : |b Truth and Lies in the War on Terror : A Special Report / |c Realización de J. Pilger, S. Connelly. |
| 264 | 4 | |a Londres, Inglaterra : |b Carlton Television, |c 2003, c2003 | |
| 264 | 4 | |a Oley, EUA : |b Bullrog Films [dist.], |c copyright fecha no identificada | |
| 300 | |a 1 DVD sin dato de región |c (51 min.) + |e 1 lámina | ||
| 336 | |a imagen móvil bidimensional |b tdi |2 rdacontenido | ||
| 337 | |a video |b v |2 rdamedio | ||
| 338 | |a videodisco |b vd |2 rdasoporte | ||
| 520 | |a Reportaje para la televisión inglesa del periodista y documentalista australiano –asentado en Inglaterra- John Pilger, quien se propone descubrir las verdades y mentiras de la "guerra contra el terrorismo" emprendida por el presidente norteamericano George Bush hijo, tras los ataques del 11 de septiembre de 2001. Pilger contrasta las exigencias de los gobiernos norteamericano y británico a favor del conflicto bélico con sus investigaciones de campo en Washington, D.C., donde sostiene entrevistas con oficiales de primer nivel de la administración Bush y antiguos funcionarios de alto rango de los servicios estadounidenses de inteligencia, y en Afganistán, país ocupado por una coalición multinacional –encabezada por Estados Unidos y Gran Bretaña- a partir de octubre de 2001. Coteja así las promesas hechas por Bush, a nombre del gobierno norteamericano y sus aliados, a Afganistán y el cuadro imperante en esta nación de Asia Central, donde los antiguos "señores de la guerra" -quienes a decir del testimonio de una mujer son en muchos aspectos peores que los talibanes- han recuperado el poder, resurge el fundamentalismo religioso y las escaramuzas militares son rutina diaria. Las fuentes del periodista en la capital estadounidense ahondan en el argumento de las armas de destrucción masiva como presunto fundamento para iniciar la guerra, que se revela en su mayor parte como una justificación endeble. Ante los pronunciamientos del presidente norteamericano sobre los ataques a Afganistán e Irak como dos grandes victorias, el reportero describe Afganistán como el país en que ha visto una mayor devastación en sus experiencias periodísticas desde la Camboya de Pol Pot y en torno al triunfo en Irak, se interroga si éste no es el Vietnam de Bush. | ||
| 520 | |a Suplementos y características especiales: 1) Archivo de 24 páginas en formato Adobe Acrobat, que ofrece a los usuarios referencias bibliográficas y electrónicas para profundizar en el tema, y 2) Hoja impresa con testimonios críticos sobre el reportaje. | ||
| 649 | |a XX | ||
| 650 | |a Cineastas Australianos | ||
| 650 | |a Mujeres - |z Afganistán - |x Condiciones Políticas | ||
| 650 | |a Mujeres - |z Afganistán - |x Condiciones Sociales y Culturales | ||
| 650 | |a Reportaje Periodístico | ||
| 650 | |a Documentales | ||
| 650 | |a Cortometrajes y Mediometrajes Ingleses | ||
| 650 | |a Periodismo Televisivo | ||
| 650 | |a Televisión - |z Inglaterra - |y 2000-2009 | ||
| 650 | |a Televisión - |z Inglaterra - |y Siglo XXI | ||
| 650 | |a Terrorismo | ||
| 650 | |a Intervención Militar en Afganistán | ||
| 650 | |a Intervención Militar en Irak | ||
| 650 | |a Intervención Militar de EUA | ||
| 650 | |a Guerra y Paz - |z Afganistán - |x Historia | ||
| 650 | |a Violencia Política - |z Afganistán - |x Historia | ||
| 650 | |a Guerra y Paz - |z Irak - |x Historia | ||
| 650 | |a Violencia Política - |z Irak - |x Historia | ||
| 650 | |a Imperialismo - |z EUA | ||
| 650 | |a Política Exterior - |z EUA - |x Historia - |y 2001-2009 | ||
| 650 | |a Política Exterior - |z EUA - |x Historia - |y Siglo XXI | ||
| 650 | |a Agresión (Derecho Internacional) | ||
| 650 | |a Crímenes de Guerra | ||
| 650 | |a Derecho Penal | ||
| 650 | |a Derecho Internacional Público | ||
| 650 | |a Comunicación y Política | ||
| 650 | |a Comunicación Masiva | ||
| 650 | |a Medios de Comunicación | ||
| 650 | |a Fundamentalismo Religioso - |z Afganistán - |x Historia | ||
| 650 | |a Fundamentalismo Político - |z Afganistán - |x Historia | ||
| 650 | |a Política y Religión - |z Afganistán - |x Historia | ||
| 650 | |a Islamismo y Estado - |z Afganistán - |x Historia | ||
| 650 | |a Afganistán - |x Condiciones Políticas | ||
| 650 | |a Política - |z Afganistán - |x Historia - |y Invasión Norteamericana, 2001 | ||
| 650 | |a Política - |z Afganistán - |x Historia - |y Talibanes, 1997-2001 | ||
| 650 | |a Política - |z Afganistán - |x Historia - |y Siglo XXI | ||
| 650 | |a Irak - |x Condiciones Políticas | ||
| 650 | |a Política - |z Irak - |x Historia - |y Invasión Norteamericana, 2003-2004 | ||
| 650 | |a Política - |z Irak - |x Historia - |y Siglo XXI | ||
| 650 | |a Irak - |x Historia | ||
| 650 | |a EUA - |x Condiciones Políticas | ||
| 650 | |a Política - |z EUA - |x Historia - |y 2001-2009 - |x Tema Principal | ||
| 650 | |a Política - |z EUA - |x Historia - |y Siglo XXI | ||
| 650 | |a Política Internacional | ||
| 650 | |a Al-Qaeda | ||
| 650 | |a Talibán (Movimiento) | ||
| 700 | |a Connelly, Steve |e (realización) | ||
| 700 | |a Pilger, John |e (guión) | ||
| 700 | |a Clothier, Preston |e (fotógrafo) | ||
| 700 | |a Denny, Andrew |e (montaje) | ||
| 700 | |a Russell-Pavier, Nick |e (música) | ||
| 700 | |a Callinicos, Alex |e (texto) | ||
| 910 | |a Fondo General | ||
| 920 | |a Audiovisuales - DVDs | ||
| 940 | |a Películas | ||
| 905 | |a 308 | ||
| 901 | |a 0900072765 |b IT2 |c DVR |u 20250521 | ||
| 901 | |a 0900072766 |b IT2 |c MIN |u 20251020 | ||
| 902 | |a https://opac.biblio.iteso.mx/vufind/Record/000192658 | ||